000 00466nam a2200169Ia 4500
003 GCL
008 140319s9999 xx 000 0 eng d
040 _aGCL /
_cGCL
082 0 4 _a540
_bS M
100 1 _aTIME LIFE FILMS
245 1 0 _aMARINE NATURAL PRODUCTS DIVERSITY AND BIOSYNTHESIS /
_cTIME LIFE FILMS
700 1 _aBALLAS, ROBERT
260 _a[S.N] :
_bMARGO VEILLON ET CLAUDE ،
_c1993
300 _a185 P
650 0 4 _aENGLISH LANGUAGE
942 _2ddc
_cBK
999 _c25492
_d25492